| 000 | 01243 a2200193 4500 | ||
|---|---|---|---|
| 020 | _a019853552X | ||
| 020 | _a9780198535522 | ||
| 090 |
_c1454 _d1454 |
||
| 100 | 1 | _aLennox, John C. | |
| 245 | 1 | 0 |
_aSubnormal subgroups of groups / _cJohn C. Lennox, Stewart E. Stonehewer. |
| 260 |
_a[S.l.] : _bOxford University Press, USA, _c1987. |
||
| 300 |
_a268 p. ; _c25 cm. |
||
| 490 | 1 | _aOxford mathematical monographs. | |
| 520 | _aThis book is the first to give a comprehensive account of subnormal subgroups of both finite and infinite groups. The authors trace the historical development of the subject from the early work of Wielandt, including the celebrated "join problem," to very recent results relating to the elusive subnormalizer of a subgroup. The book explains how the study of group rings can give a powerful and unified approach to major problems and encourages postgraduates and researchers in group theory and ring theory to further explore problems whose solutions remain incomplete. | ||
| 700 | 1 | _aStonehewer, Stewart E. | |
| 830 | 0 | _aOxford mathematical monographs. | |
| 942 |
_aSNS _cBK _k512.2 LEN |
||
| 999 |
_c30065 _d30065 |
||